000 01112cam a2200301 i 4500
001 26549
003 Mx-PuUPA
005 20230209144848.0
008 140415s2013 uk gr 000 0beng d
020 _a9780857897756
_qrústica
040 _aMX-PuUPA
_bspa
_erda
_cMx-PuUPA
_dMx-PuUPA
041 0 _aeng
100 1 _aStrayed, Cheryl,
_eautor
245 1 0 _aWild :
_ba journey from lost to found /
_cCheryl Strayed
264 1 _aGreat Britain :
_bAtlantic Books,
_c2013
300 _a315 páginas ;
_c18 cm
336 _2rdacontent
_atexto
_btxt
337 _2rdamedia
_asin medio
_bn
338 _2rdacarrier
_avolumen
_bnc
500 _a"Now a major motion picture". --Cubierta.
600 1 4 _aStrayed, Cheryl, 1968
_xSendero de la Cresta del Pacífico, viaje
650 7 _2armarc
_aAutores americanos
_ySiglo XXI
_vBiografía
650 7 _2armarc
_aSendero de la Cresta del Pacífico
_zEstados Unidos
_xDescripción y viajes
942 _2ddc
_cLI
_h813
_iS893
999 _c26549
_d26549